000 00332nam a22001457a 4500
020 _a0-7195-8060-9
082 _a574
_bRIL/B
100 _aRILEY, PETER
245 _aBIOLOGY NOW!
250 _aSECOND EDITION
260 _aLONDON
_bJOHN MURRAY PUBLISHERS
_c2004
300 _a231
650 _aBIOLOGY REFERENCE
_zINDIA
942 _cBK
999 _c1421
_d1421